000 00723nam a2200253Ia 4500
003 OSt
005 20220928125009.0
006 a|||||r|||| 00| 0
007 ta
008 220927b |||||||| |||| 00| 0 eng d
020 _c8000
024 _a119991
037 _b161, 18/10/2013, Classic Book Service
_cTextual
040 _aSDCL
_cSDCL
_beng
041 _2eng
_aeng
082 _aR4, Q3
100 _aMarks Joel
_9467494
245 0 _aEthics without morals
_b In defence of amorality.
260 _aNew York
_b Routledge
_c2013
300 _axvi;133p
_ccm.
650 _aPhilosophy
942 _hR4, Q3
_cTEXL
_2CC
999 _c780349
_d780349